Interpretación y análisis de la obra literaria /
Guardado en:
| Autor Principal: | |
|---|---|
| Formato: | Libro |
| Publicado: |
España :
Gredos,
1961
|
| Edición: | 3a. ed. |
| Series: | Bibl. Hispánica Románica
|
| Materias: | |
| Etiquetas: |
Agregar Etiqueta
Sin Etiquetas, Sea el primero en etiquetar este registro!
|
| LEADER | 00566nam a22002055a 4500 | ||
|---|---|---|---|
| 001 | CEM.cems003556 | ||
| 005 | 19000101000000.0 | ||
| 008 | 130507s1961##################000#0#####d | ||
| 003 | CEMS | ||
| 082 | 0 | 4 | |a 808 |
| 100 | 1 | |a Kayser, Wolfang | |
| 245 | 1 | 0 | |a Interpretación y análisis de la obra literaria / |
| 250 | |a 3a. ed. | ||
| 260 | |a España : |b Gredos, |c 1961 | ||
| 300 | |a 594 p. | ||
| 490 | 0 | |a Bibl. Hispánica Románica | |
| 653 | |a Analisis literario | ||
| 653 | |a Estilistica | ||
| 653 | |a Literatura | ||
| 859 | |a CEMS |b BIB. CEMS - 11 de abril |h 808 |i K187a3 |p 5475.76 |t Ej.1 | ||
